00695nam a2200205 i 4500001001000000003000900010005001700019007000300036008004100039040003000080041000800110082002400118110006200142245009700204264006700301300002800368336002800396337003400424338003100458000038048DO-SdBNP20250725113407.0ta130312s1937 dr 000 0 spa d aDO-SdBNPbspacBNPHUerda aspa 4axxxbR426i 19362221 aRepública Dominicana.bSecretaria de Estado de Justicia00aÍndice general de la legislación de la República Dominicana año 1844 al año 1936 : aCiudad Trujillo :bImprenta de J. R. vda. Garcia Sucs ,c1937. a550 páginas ;c25 cm. atextobtxt2rdacontent  asin mediación bn2rdamedia avolumen bnc2rdacarrier